Normal view
MARC view
- Educación superior
Entry Materia
001 - NÚMERO DE CONTROL DEL REGISTRO
- campo de control: 6845
003 - IDENTIFICADOR DE NUMERO DE CONTROL
- campo de control: MX-MxUPN
005 - FECHA Y HORA DE LA ÚLTIMA TRANSACCIÓN
- campo de control: 20240909125430.0
008 - DATOS DE LONGITUD FIJA
- campo de control de longitud fija: 240909n||acnnnbabn n ana |d
035 ## - NÚMERO DE CONTROL DEL SISTEMA
- Número de control del sistema: UPN10000006847
040 ## - FUENTE DE LA CATALOGACIÓN
- Lengua de catalogación: spa
- Agencia de transcripción: MX-MxUPN
- Centro catalogador de origen: MX-MxUPN
053 #4 - NÚMERO CLASIFICADOR - BIBLIOTECA DEL CONGRESO (LC)
- Elemento numérico de la clasificación - Número único o no. inicial del rango: LA545-549
150 ## - ENCABEZAMIENTO - TEMÁTICO
- Término de materia o nombre geográfico como elemento inicial: Educación superior
- Subdivisión geográfica: Argentina
670 ## - FUENTE EN LA QUE SE LOCALIZARON DATOS
- Cita de la fuente: Autoridades BGTQ, 09 septiembre 2024 :
- Información localizada: (Educación superior - Argentina)
902 ## - CATALOGADOR
- Catalogador: MEEG/230996
- Catalogador: MaríaRobles/090924
